00390nam a22001337a 4500010001500000020002600015035001400041037001300055082000800068245006900076260002000145270007100165300002000236 aENG-118078 a9789384866266c750.00 aEN-101610 bDBAD/PUB a910 aHistory of geographic thought /cedited by Akhilesh Kumar Pandey aNew Delhic2015 a437/4B, Gali Murari Lal, Ansari Road,Darya Ganj , New Delhi-110002 a314p.c22cm(Hb)